El estudio de las lenguas modernas

Gardado en:
Detalles Bibliográficos
Autor Principal: Roche, André J (Author)
Formato: Libro
Idioma:Lingua castelá
Publicado: Barcelona Luis Miracle 1962
Edición:1a. ed
Series:Paideia Biblioteca Práctica de Pedagogía, Psicología y Psicopatología de la Infancia, 25
Subjects:
Tags: Engadir etiqueta
Sen Etiquetas, Sexa o primeiro en etiquetar este rexistro!

MARC

LEADER 00000nam a2200000 a 4500
001 UCI0263
003 CL-VaPUC
008 070504e19620000SP |||||||||||||||||spa|d
082 0 4 |a 410  |b ROC  |2 21 
100 0 |a Roche, André J  |e author  |9 520411 
245 1 3 |a El estudio de las lenguas modernas 
250 |a 1a. ed 
300 |a 124 p 
942 |c BK 
945 |d 20070504 00:00:00  |a jtorresc 
260 |a Barcelona  |b Luis Miracle  |c 1962 
650 0 |a Lenguas modernas  |9 354053 
650 7 |a FILOLOGIA MODERNA  |2 CL-VaPUC  |9 520412 
650 0 |a Lingüística  |9 265068 
583 |a last modification  |c 20130304 04:42:39  |k Rodrigo Vera 
490 0 |a Paideia Biblioteca Práctica de Pedagogía, Psicología y Psicopatología de la Infancia, 25 
999 |c 325501  |d 325499 
952 |0 0  |1 0  |4 0  |6 410_000000000000000_ROC_1962  |7 0  |8 A  |9 406478  |a FDOPOS  |b FDOPOS  |d 2019-11-22  |i 427461K  |o 410 ROC 1962  |p 427461K  |r 2025-01-22  |w 2019-11-22  |y BK  |k MLA